000 00507nam a2200181Ia 4500
008 151018s9999 xx 000 0 und d
082 _bRBASDV25647
_a891.463
100 _aअजय झनकर
245 _aसरकारनामा
250 _b1
260 _bग्रंथाली
_c1994
300 _a172
600 _aअजय झनकर
630 _aसरकारनामा
700 _aअजय झनकर
730 _aसरकारनामा
942 _cBOOK
999 _c1025259
_d1025256